| 000 | 00548nam a22001577a 4500 | ||
|---|---|---|---|
| 005 | 20231129134010.0 | ||
| 008 | 231129b |||||||| |||| 00| 0 eng d | ||
| 041 | _aEnglish | ||
| 082 | _a340.06 FAC | ||
| 100 | _lEnglish | ||
| 245 |
_aFaculty of Law : _bOn the occasion of the 75th Anniversary of the Law Society of Namibia, Report on the Law Conference " Democratication of Southern Afric" |
||
| 260 |
_aWindhoek : _c1996 |
||
| 300 |
_b70 pages ; _c22cm. |
||
| 650 |
_aLegal practice _bLaw |
||
| 942 |
_cBK _6ALISON_BN_VRIES |
||
| 999 |
_c1055 _d1055 |
||